Tous les clubs grecs ayant participés à la Ligue des Champions - Statistiques

Statistiques générales
  • Ce quiz a été pris 44 fois
  • Le résultat moyen est 4 sur 5
Statistiques - réponses
1ère participation Dernière participation Nombres de participations Clubs % Correct
1959-60 2025-26 32 Olympiakós
100%
1963-64 2018-19 13 AEK Athènes
95%
1960-61 2010-11 22 Panathinaïkós
95%
1976-77 1985-86 2 PAOK
67%
1988-89 1988-89 1 AEL Larissa
7%
Aucun quiz correspondant
Distribution des résultats
% des personnes avec chaque résultat
Percentile par nombre de réponses
Votre historique - résultats
Vous n’avez pas pris ce quiz